E-tendering (Record no. 104396)

MARC details
000 -LEADER
fixed length control field 01852cam a2200289 4500
001 - CONTROL NUMBER
control field ##E130206
008 - FIXED-LENGTH DATA ELEMENTS--GENERAL INFORMATION
fixed length control field 111024s2005 000 0 eng u
020 ## - INTERNATIONAL STANDARD BOOK NUMBER
International Standard Book Number 1842192345
035 ## - SYSTEM CONTROL NUMBER
System control number (Sirsi) u130206
041 0# - LANGUAGE CODE
Language code of text/sound track or separate title eng
050 04 - LIBRARY OF CONGRESS CALL NUMBER
Classification number 658.404
-- 18
110 2# - MAIN ENTRY--CORPORATE NAME
Corporate name or jurisdiction name as entry element Royal Institution of Chartered Surveyors
9 (RLIN) 4900
245 00 - TITLE STATEMENT
Title E-tendering
Remainder of title RICS guidance note
260 ## - PUBLICATION, DISTRIBUTION, ETC.
Place of publication, distribution, etc. Coventry
Name of publisher, distributor, etc. RICS Books
Date of publication, distribution, etc. 2005
300 ## - PHYSICAL DESCRIPTION
Extent viii, 44p.
Dimensions 30cm.
350 ## - PRICE (NR) (BK AM CF MU VM SE) [OBSOLETE]
Price £20
490 ## - SERIES STATEMENT
Series statement RICS Guidance Note
520 ## - SUMMARY, ETC.
Summary, etc. Provides useful best practice information on e-tendering for anyone involved in procurement, allowing clients and tenderers to their costs, remove unnecessary administration and streamline the overall tendering process. Use standard practice to show the benefits of a consistent approach and avoid ambiguities and technical incompatibility. Examines the tendering process, from preliminary enquiry through to tender acceptance and withdrawal, considering the practical and legal implications of e-tendering in relation to: tender methodologies, different electronic formats and their impact upon information exchange; the benefits and constraints that different technologies provide; security issues, tendering procedures and workflow; assessment of tenders and notification of results. Appendices include a glossary of terms, sample materials, checklists and sources of further information on implementing e-tendering.
520 ## - SUMMARY, ETC.
Summary, etc. Superseded by second edition (ISBN 9781842195635).
590 ## - LOCAL NOTE (RLIN)
Local note IKA251005
650 24 - SUBJECT ADDED ENTRY--TOPICAL TERM
Topical term or geographic name entry element DIRECTIVE 2004/18/EC
651 #4 - SUBJECT ADDED ENTRY--GEOGRAPHIC NAME
Geographic name United Kingdom
Chronological subdivision
690 ## - LOCAL SUBJECT ADDED ENTRY--TOPICAL TERM (OCLC, RLIN)
Topical term or geographic name as entry element Procurement
9 (RLIN) 6260
856 41 - ELECTRONIC LOCATION AND ACCESS
Uniform Resource Identifier <a href="https://web.archive.org/web/20120118110049/https://www.ricsetendering.com/web/RICS%20Guidance%20Note%20-%20e-Tendering.pdf">https://web.archive.org/web/20120118110049/https://www.ricsetendering.com/web/RICS%20Guidance%20Note%20-%20e-Tendering.pdf</a>
Public note View the guidance free of charge at www.ricsetendering.com
942 ## - ADDED ENTRY ELEMENTS (KOHA)
Suppress in OPAC 0
Holdings
Withdrawn status Lost status Source of classification or shelving scheme Damaged status Not for loan Home library Current library Shelving location Date acquired Total Checkouts Full call number Barcode Date last seen Copy number Price effective from Koha item type Date last checked out
    Dewey Decimal Classification     London London RICS Boxes 28/10/2005   RICS 2005/32 30070655 06/08/2019 1 06/08/2019 Archive  
    Dewey Decimal Classification     London London RICS Boxes 28/10/2005   RICS 2005/32 30070654 06/08/2019 2 06/08/2019 Reference material  
    Dewey Decimal Classification     London London RICS Boxes 31/10/2005 2 RICS 2005/32 30070656 06/08/2019 5 06/08/2019 Book 23/06/2006
    Dewey Decimal Classification     Virtual Virtual Online 16/08/2006   ONLINE PUBLICATION 130206-3001 06/08/2019 1 06/08/2019 Book